[Event "Sparkassen-Open A"]
[Site "Heusenstamm, Martinsee"]
[Date "2023.11.24"]
[Round "6.1"]
[White "Nothnagel, Marian Can"]
[Black "Grigoryan, Karen H."]
[Result "0-1"]
[WhiteElo "2416"]
[BlackElo "2603"]
[PlyCount "98"]
[EventDate "2024.11.21"]
[WhiteTeam "SK Bickenbach"]
[BlackTeam "Yerevan"]

1. e4 c5 2. Nf3 e6 3. d4 cxd4 4. Nxd4 a6 5. c4 Nf6 6. Nc3 Qc7 7. a3 d6 8. Be3 b6 9. f4 g6 10. Bd3 Bg7 11. O-O O-O 12. Rc1 Bb7 13. b4 Nbd7 14. Nb3 Rac8 15. Qe2 Qb8 16. Kh1 Rc7 17. Bd4 Rfc8 18. e5 Ne8 19. Qe3 Bh6 20. exd6 Nxd6 21. c5 bxc5 22. Nxc5 Nxc5 23. bxc5 Ne8 24. Be5 Qa8 25. Bxc7 Bxg2+ 26. Kg1 Nxc7 27. Be4 Bxe4 28. Nxe4 Nd5 29. Qd4 Rc6 30. Rb1 Bg7 31. Qf2 Bf8 32. Rfc1 Qc8 33. Qb2 Bxc5+ 34. Nxc5 Rxc5 35. Rxc5 Qxc5+ 36. Kh1 h5 37. Rc1 Qf8 38. Qd4 Kh7 39. a4 Qa8 40. Kg1 Qb8 41. Rf1 Qc7 42. Rf3 Qb7 43. Rf2 Qc7 44. Kg2 Ne7 45. Re2 Nf5 46. Qe4 Qc3 47. Qb7 Nh4+ 48. Kf2 Qd4+ 49. Kg3 Qg1+ 0-1

[Event "Sparkassen-Open A"]
[Site "Heusenstamm, Martinsee"]
[Date "2023.11.24"]
[Round "6.2"]
[White "Sivuk, Vitaly"]
[Black "Baranyai-Molnar, Adam-Kristof"]
[Result "1-0"]
[WhiteElo "2502"]
[BlackElo "2238"]
[PlyCount "101"]
[EventDate "2024.11.21"]
[WhiteTeam "Sfr. Wolfhagen e. V."]
[BlackTeam "SF Neuberg"]

1. d4 f5 2. Nf3 Nf6 3. Bf4 e6 4. e3 b6 5. h3 Bb7 6. Bd3 Be7 7. Nbd2 O-O 8. c3 c5 9. Qe2 Ne4 10. O-O d6 11. Rfd1 Nd7 12. Bc4 Rf6 13. Nxe4 fxe4 14. Nd2 cxd4 15. cxd4 Rc8 16. Rac1 Nf8 17. Ba6 Bxa6 18. Qxa6 Rxc1 19. Rxc1 e5 20. Bg5 Rf7 21. Rc8 Qd7 22. Bxe7 Qxe7 23. d5 Qh4 24. Qe2 b5 25. Qf1 Rf6 26. g3 Rg6 27. Rc6 Qh5 28. Nxe4 Qf5 29. Nxd6 Qd7 30. Nxb5 Rxc6 31. dxc6 Qxc6 32. Nxa7 Qa4 33. Nb5 Qxa2 34. Nd6 Nd7 35. Qc4+ Qxc4 36. Nxc4 Kf7 37. e4 Nc5 38. f3 Nd3 39. Kf1 Ke6 40. Ke2 Nb4 41. Ne3 g6 42. Kd2 Kd6 43. Nc2 Nc6 44. b4 Nd8 45. h4 Ne6 46. Kd3 h5 47. Kc4 g5 48. Ne3 gxh4 49. Nf5+ Kc6 50. Nxh4 Nd4 51. g4 1-0

[Event "Sparkassen-Open A"]
[Site "Heusenstamm, Martinsee"]
[Date "2023.11.24"]
[Round "6.3"]
[White "Peng, Li Min"]
[Black "Noe, Christopher"]
[Result "1/2-1/2"]
[WhiteElo "2516"]
[BlackElo "2510"]
[PlyCount "49"]
[EventDate "2024.11.21"]
[WhiteTeam "Sfr. Wolfhagen e. V."]
[BlackTeam "SC Eppingen"]

1. e4 e5 2. Nf3 Nc6 3. Nc3 Nf6 4. d4 exd4 5. Nxd4 Bb4 6. Nxc6 bxc6 7. Bd3 O-O 8. O-O d5 9. Bd2 Bg4 10. Qc1 Re8 11. Re1 Bxc3 12. Bxc3 dxe4 13. Bxf6 Qxf6 14. Rxe4 Rxe4 15. Bxe4 Re8 16. f3 Bf5 17. Bxf5 Qxf5 18. Qd2 Qe5 19. c3 Qe2 20. Rd1 g6 21. b3 h5 22. Qxe2 Rxe2 23. Rd7 Rxa2 24. Rxc7 Ra3 25. Rxc6 1/2-1/2

[Event "Sparkassen-Open A"]
[Site "Heusenstamm, Martinsee"]
[Date "2023.11.24"]
[Round "6.4"]
[White "Hinrichs, Paul"]
[Black "Krastev, Alexander"]
[Result "0-1"]
[WhiteElo "2286"]
[BlackElo "2425"]
[PlyCount "144"]
[EventDate "2024.11.21"]
[WhiteTeam "Sfr.Heidesheim"]
[BlackTeam "Schachgesellschaft Solingen e. V"]

1. d4 Nf6 2. c4 c5 3. d5 e6 4. Nc3 exd5 5. cxd5 d6 6. e4 g6 7. f4 Bg7 8. Bb5+ Nfd7 9. a4 O-O 10. Nf3 Na6 11. O-O Nb4 12. Be3 a6 13. Bc4 Nb6 14. Be2 Bg4 15. a5 Nd7 16. e5 Bxf3 17. Rxf3 dxe5 18. f5 e4 19. Nxe4 Re8 20. f6 Rxe4 21. fxg7 Ne5 22. Bxc5 Qxd5 23. Qxd5 Nxd5 24. Rf2 Nf4 25. Bf3 Nxf3+ 26. Rxf3 Rc8 27. Re3 Rxe3 28. Bxe3 Ne6 29. b4 Kxg7 30. b5 axb5 31. Rb1 Rc3 32. Ba7 Rd3 33. Rxb5 Rd7 34. Be3 h5 35. Rb6 g5 36. a6 bxa6 37. Rxa6 g4 38. Kf2 Kg6 39. h3 gxh3 40. gxh3 Rd5 41. Ra8 Rd3 42. Rh8 Rd5 43. Ra8 Rd8 44. Ra6 Rd3 45. Ke2 Rb3 46. Kf2 Rb5 47. Kf3 Rf5+ 48. Kg3 Rf6 49. Ra5 Ng7 50. Rg5+ Kh7 51. Bd2 Rg6 52. Kh4 f6 53. Ra5 Rg2 54. Bh6 Kxh6 55. Rxh5+ Kg6 56. Rh6+ Kf5 57. Rxf6+ Ke5 58. Ra6 Nf5+ 59. Kh5 Ng7+ 60. Kh4 Nf5+ 61. Kh5 Ne7 62. Ra5+ Nd5 63. h4 Rg8 64. Kh6 Kf6 65. Kh7 Rd8 66. Ra6+ Kf7 67. Ra7+ Ne7 68. h5 Rd6 69. Rxe7+ Kxe7 70. Kg7 Rd1 71. h6 Rg1+ 72. Kh8 Kf6 0-1

[Event "Sparkassen-Open A"]
[Site "Heusenstamm, Martinsee"]
[Date "2023.11.24"]
[Round "6.5"]
[White "Chassard, Cedric"]
[Black "Köllner, Ruben Gideon"]
[Result "0-1"]
[WhiteElo "2283"]
[BlackElo "2484"]
[PlyCount "58"]
[EventDate "2024.11.21"]
[WhiteTeam "SV 1926 Riegelsberg"]
[BlackTeam "SF Deizisau"]

1. e4 d6 2. d4 Nf6 3. Nc3 e5 4. Nge2 Nc6 5. d5 Ne7 6. Bg5 Neg8 7. Ng3 Be7 8. Be3 c6 9. Be2 g6 10. a4 h5 11. h3 h4 12. Nf1 cxd5 13. exd5 Nh6 14. g4 hxg3 15. Nxg3 Nf5 16. Nxf5 gxf5 17. f4 Ng4 18. Bb5+ Kf8 19. Qf3 Bh4+ 20. Kd2 Nxe3 21. Qxe3 exf4 22. Qf3 Qb6 23. Qxf4 a6 24. a5 Qd8 25. Rhg1 axb5 26. Nxb5 Rxa5 27. Rxa5 Qxa5+ 28. Nc3 Qc5 29. Rg2 Bf6 0-1

[Event "Sparkassen-Open A"]
[Site "Heusenstamm, Martinsee"]
[Date "2023.11.24"]
[Round "6.6"]
[White "Marcziter, Dmitrii"]
[Black "Poetsch, Hagen"]
[Result "1/2-1/2"]
[WhiteElo "2187"]
[BlackElo "2502"]
[PlyCount "96"]
[EventDate "2024.11.21"]
[WhiteTeam "Schachgemeinschaft Porz e. V."]
[BlackTeam "SC Heusenstamm"]

1. d4 Nf6 2. c4 e6 3. a3 d5 4. Nc3 Be7 5. Bg5 O-O 6. e3 b6 7. cxd5 exd5 8. Bd3 Bb7 9. Qc2 Nbd7 10. Nge2 h6 11. Bh4 c5 12. f3 Ne8 13. Bf2 Nd6 14. Ng3 Re8 15. O-O c4 16. Bh7+ Kh8 17. Bf5 Nxf5 18. Nxf5 Bf8 19. Bh4 Qc8 20. e4 g6 21. Ne3 dxe4 22. fxe4 f5 23. e5 Bg7 24. Kh1 a6 25. Ned5 g5 26. Bxg5 hxg5 27. Rxf5 Qd8 28. Qe2 Nf8 29. Nf6 Bxf6 30. Rxf6 Re7 31. Raf1 Qxd4 32. Rxf8+ Rxf8 33. Rxf8+ Kg7 34. Rf5 g4 35. Rg5+ Kh6 36. Rxg4 Qxe5 37. Qxe5 Rxe5 38. h3 b5 39. Rd4 Rg5 40. Rd2 a5 41. Kh2 b4 42. axb4 axb4 43. Rd6+ Rg6 44. Rxg6+ Kxg6 45. Nd1 Kf6 46. Ne3 c3 47. bxc3 bxc3 48. Kg3 Be4 1/2-1/2

[Event "Sparkassen-Open A"]
[Site "Heusenstamm, Martinsee"]
[Date "2023.11.24"]
[Round "6.7"]
[White "Glöckler, Christian"]
[Black "Milov, Leonid"]
[Result "1/2-1/2"]
[WhiteElo "2266"]
[BlackElo "2427"]
[PlyCount "119"]
[EventDate "2024.11.21"]
[WhiteTeam "Wiesbadener SV 1885"]
[BlackTeam "SC Noris-Tarrasch Nürnberg 1873"]

1. e4 c5 2. Nf3 Nc6 3. Nc3 e6 4. d4 cxd4 5. Nxd4 a6 6. Nxc6 bxc6 7. Bd3 d5 8. O-O Nf6 9. Qe2 Be7 10. b3 O-O 11. Kh1 Re8 12. f4 g6 13. Bb2 Bb7 14. Rad1 Qc7 15. f5 exf5 16. exf5 Ba3 17. Bxa3 Rxe2 18. Nxe2 Ng4 19. Rf4 Ne3 20. Re1 c5 21. fxg6 fxg6 22. Bc1 Re8 23. Bxe3 Rxe3 24. Ref1 Qe7 25. R4f2 Kg7 26. Kg1 Bc8 27. h3 a5 28. Nf4 Qe5 29. c4 dxc4 30. Bxc4 Re1 31. a4 Rxf1+ 32. Rxf1 Kh6 33. Nd3 Qe3+ 34. Kh2 Bf5 35. Rf3 Qd4 36. Nf2 Be6 37. Bxe6 Qe5+ 38. Kh1 Qxe6 39. Re3 Qd6 40. Ng4+ Kg7 41. Ne5 Qd1+ 42. Kh2 Qd6 43. Kh1 h5 44. Nc4 Qd4 45. Kg1 Kf6 46. Kf1 Kf5 47. Ke2 Qa1 48. Kf2 Qc1 49. Re5+ Kf6 50. Re3 g5 51. Re2 Qf4+ 52. Kg1 Qd4+ 53. Re3 Kf5 54. Kf1 g4 55. hxg4+ hxg4 56. g3 Qd1+ 57. Kg2 Qc2+ 58. Kg1 Kf6 59. Kf1 Qd1+ 60. Kg2 1/2-1/2

[Event "Sparkassen-Open A"]
[Site "Heusenstamm, Martinsee"]
[Date "2023.11.24"]
[Round "6.8"]
[White "Dgebuadze, Alexandre"]
[Black "Eilers, Stefan"]
[Result "1/2-1/2"]
[WhiteElo "2408"]
[BlackElo "2275"]
[PlyCount "86"]
[EventDate "2024.11.21"]
[WhiteTeam "SC Remagen-Sinzig e.V."]
[BlackTeam "SAbt SG 1945 Dietzenbach"]

1. e4 d6 2. d4 Nf6 3. Nc3 e5 4. Nf3 Nbd7 5. Bc4 Be7 6. O-O Nb6 7. Be2 exd4 8. Nxd4 O-O 9. a4 a5 10. Bf4 Re8 11. Ndb5 Nbd7 12. h3 Ne5 13. Bg3 c6 14. Nd4 Bf8 15. Re1 Ng6 16. Bf1 Qb6 17. Nb3 Be6 18. Qd4 Qb4 19. Rad1 Bxb3 20. cxb3 Qxd4 21. Rxd4 d5 22. e5 Nd7 23. Rd2 Nc5 24. Rdd1 f6 25. exf6 gxf6 26. Re3 Kg7 27. Rf3 Ne5 28. Re3 Kg6 29. Ne2 Ne4 30. Nc3 Bc5 31. Rxe4 dxe4 32. Nxe4 Bb4 33. Be2 Rad8 34. Rxd8 Rxd8 35. Kf1 f5 36. Bxe5 fxe4 37. g4 Rd5 38. Bf4 Bd2 39. Bc7 Kg5 40. Bc4 Rd7 41. Be5 Re7 42. Bd6 Rd7 43. Be5 Re7 1/2-1/2

[Event "Sparkassen-Open A"]
[Site "Heusenstamm, Martinsee"]
[Date "2023.11.24"]
[Round "6.9"]
[White "Bagrationi, Alexander"]
[Black "Sydykov, Bayastan"]
[Result "1-0"]
[WhiteElo "2391"]
[BlackElo "2251"]
[PlyCount "59"]
[EventDate "2024.11.21"]
[WhiteTeam "SV Hemer 1932 e. V."]
[BlackTeam "SK 1858 Gießen"]

1. e4 e6 2. d4 d5 3. e5 c5 4. c3 Nc6 5. Nf3 Bd7 6. a3 c4 7. Nbd2 f6 8. b3 cxb3 9. c4 fxe5 10. dxe5 Qc7 11. cxd5 Nd4 12. Nxd4 Qxe5+ 13. Be2 Qxd4 14. Rb1 Qxd5 15. Bh5+ g6 16. Bf3 Qe5+ 17. Ne4 Bg7 18. O-O Bc6 19. Re1 Rd8 20. Qxb3 Kf8 21. Qb4+ Ne7 22. Bb2 Rd4 23. Bxd4 Qxd4 24. Qa5 Qd5 25. Nc5 Qf5 26. Nxe6+ Kf7 27. Ng5+ Kf6 28. Qc3+ Kxg5 29. Qxg7 Re8 30. Re5 1-0

[Event "Sparkassen-Open A"]
[Site "Heusenstamm, Martinsee"]
[Date "2023.11.24"]
[Round "6.10"]
[White "Poysti, Nathanael"]
[Black "Stork, Oliver"]
[Result "0-1"]
[WhiteElo "2187"]
[BlackElo "2366"]
[PlyCount "82"]
[EventDate "2024.11.21"]
[WhiteTeam "ohne Verein"]
[BlackTeam "Klub Kölner Schachfreunde e. V."]

1. c4 e6 2. Nc3 d5 3. d4 h6 4. Nf3 Nf6 5. Bf4 Bd6 6. Bxd6 Qxd6 7. e3 O-O 8. Be2 dxc4 9. Bxc4 c5 10. O-O a6 11. dxc5 Qxc5 12. Qd4 Qxd4 13. Nxd4 e5 14. Nb3 b5 15. Be2 Bf5 16. Rfd1 Nbd7 17. Rd6 Rfc8 18. Bf3 Ra7 19. Rad1 Kf8 20. Bc6 b4 21. Na4 Bc2 22. R1d2 Bxb3 23. axb3 Rac7 24. Bxd7 Rc1+ 25. Rd1 Rxd1+ 26. Rxd1 Nxd7 27. Kf1 Ke7 28. Rxd7+ Kxd7 29. Nb6+ Kd8 30. Nxc8 Kxc8 31. Ke2 e4 32. f3 Kd7 33. fxe4 Kd6 34. Kd3 Ke5 35. g3 a5 36. g4 g6 37. h3 g5 38. Kc4 Kxe4 39. Kb5 f5 40. gxf5 Kxf5 41. Kc5 Ke4 0-1

[Event "Sparkassen-Open A"]
[Site "Heusenstamm, Martinsee"]
[Date "2023.11.24"]
[Round "6.12"]
[White "Haack, Kevin"]
[Black "Aravindhan, Achyuth"]
[Result "1-0"]
[WhiteElo "2304"]
[BlackElo "2156"]
[PlyCount "97"]
[EventDate "2024.11.21"]
[WhiteTeam "SV 1920 Hofheim"]
[BlackTeam "Club Zukertort"]

1. e4 c5 2. Nf3 Nc6 3. d4 cxd4 4. Nxd4 Nf6 5. Nc3 e5 6. Ndb5 d6 7. Bg5 a6 8. Na3 b5 9. Nd5 Be7 10. Bxf6 Bxf6 11. c3 Ne7 12. Nxf6+ gxf6 13. Nc2 Bb7 14. Bd3 d5 15. Qe2 dxe4 16. Bxe4 Bxe4 17. Qxe4 Qd5 18. Qxd5 Nxd5 19. O-O-O O-O-O 20. g3 h5 21. Rd3 Nb6 22. Rhd1 Rxd3 23. Rxd3 Kc7 24. Nb4 a5 25. Nd5+ Nxd5 26. Rxd5 Kc6 27. c4 bxc4 28. Rxa5 Kb6 29. Ra4 Kc5 30. Ra6 Rh6 31. h4 Kd4 32. Kd2 Ke4 33. Ra4 Kf3 34. Ke1 f5 35. Rxc4 f4 36. b4 fxg3 37. Rc3+ Kg4 38. Rxg3+ Kxh4 39. b5 Rb6 40. a4 Rb7 41. Kf1 f5 42. Rb3 Kg4 43. a5 h4 44. a6 Rd7 45. b6 h3 46. Rg3+ Kh4 47. a7 e4 48. a8=Q h2 49. Qh8+ 1-0

[Event "Sparkassen-Open A"]
[Site "Heusenstamm, Martinsee"]
[Date "2023.11.24"]
[Round "6.13"]
[White "Tschernatsch, Johannes"]
[Black "Capelja, Christian"]
[Result "1-0"]
[WhiteElo "2329"]
[BlackElo "2023"]
[PlyCount "53"]
[EventDate "2024.11.21"]
[WhiteTeam "SV Babelsberg 03 e.V."]
[BlackTeam "SpVgg Rommelshausen"]

1. e4 c5 2. Nf3 d6 3. d4 cxd4 4. Nxd4 Nf6 5. Nc3 Nc6 6. Bc4 e6 7. Be3 Be7 8. Qe2 O-O 9. O-O-O Nxd4 10. Bxd4 Qa5 11. Kb1 e5 12. Be3 Be6 13. Bb3 Rfc8 14. Bd2 Qc7 15. f3 a6 16. g4 Nd7 17. g5 Nb6 18. h4 Nc4 19. Bc1 b5 20. h5 g6 21. Rh2 Bf8 22. Rdh1 Ra7 23. Qd3 Qc5 24. hxg6 fxg6 25. Be3 Qc7 26. Nd5 Bxd5 27. Qxd5+ 1-0

[Event "Sparkassen-Open A"]
[Site "Heusenstamm, Martinsee"]
[Date "2023.11.24"]
[Round "6.14"]
[White "Perske, Paul"]
[Black "Smith, Bryan"]
[Result "1/2-1/2"]
[WhiteElo "2093"]
[BlackElo "2399"]
[PlyCount "113"]
[EventDate "2024.11.21"]
[WhiteTeam "Sfr.Heidesheim"]
[BlackTeam "TSV Poing"]

1. d4 Nf6 2. c4 e6 3. Nf3 Bb4+ 4. Bd2 a5 5. a3 Bxd2+ 6. Qxd2 b6 7. Nc3 Bb7 8. e3 d6 9. Be2 Nbd7 10. O-O O-O 11. b4 Ne4 12. Nxe4 Bxe4 13. Qc3 f5 14. Nd2 Bb7 15. f4 Qe7 16. Nf3 Nf6 17. Rfd1 h6 18. Qc2 Ng4 19. Qd2 g5 20. fxg5 hxg5 21. e4 f4 22. Nh4 Nxh2 23. Ng6 Qh7 24. Nxf8 Rxf8 25. d5 e5 26. Rac1 g4 27. Rc3 g3 28. Rxg3+ fxg3 29. Qg5+ Qg7 30. Qxg7+ Kxg7 31. Rd3 Rf4 32. Rxg3+ Kf6 33. Kxh2 axb4 34. axb4 Rxe4 35. Bd3 Rd4 36. Rf3+ Kg7 37. Rg3+ Kf6 38. Rf3+ Ke7 39. Bg6 Rf4 40. Rc3 Kf6 41. Bc2 b5 42. cxb5 Bxd5 43. Rxc7 Rf2 44. b6 Rxg2+ 45. Kh3 Rg8 46. Rh7 Rc8 47. Rh6+ Kg5 48. Rg6+ Kh5 49. Bf5 Rc3+ 50. Kh2 Rb3 51. Rxd6 Bf3 52. Rd3 Rb2+ 53. Kg3 Bb7 54. Re3 Rxb4 55. Rxe5 Rxb6 56. Be4+ Kh6 57. Bxb7 1/2-1/2

[Event "Sparkassen-Open A"]
[Site "Heusenstamm, Martinsee"]
[Date "2023.11.24"]
[Round "6.16"]
[White "Berkes, Alexander"]
[Black "Weber, Samuel"]
[Result "1/2-1/2"]
[WhiteElo "2036"]
[BlackElo "2260"]
[PlyCount "121"]
[EventDate "2024.11.21"]
[WhiteTeam "SK Langen"]
[BlackTeam "SV Oberursel"]

1. e4 c6 2. Nf3 d5 3. Nc3 g6 4. d4 dxe4 5. Nxe4 Nf6 6. Nxf6+ exf6 7. Bc4 Bg7 8. O-O O-O 9. Be3 Re8 10. c3 a5 11. a4 Be6 12. Qb3 Nd7 13. Bxe6 Rxe6 14. d5 cxd5 15. Qxd5 Qc7 16. Nd4 Re5 17. Nb5 Qc6 18. Qxc6 bxc6 19. Rfd1 cxb5 20. Rxd7 bxa4 21. Rxa4 Bh6 22. Rd3 Rb8 23. Ra2 f5 24. g3 Bxe3 25. Rxe3 Reb5 26. Re2 g5 27. Rd2 Kg7 28. c4 Rc5 29. Rd5 Rxd5 30. cxd5 Rb5 31. d6 Kf8 32. b4 a4 33. Rxa4 Ke8 34. Ra5 Rxb4 35. Rxf5 Rd4 36. Rxg5 Rxd6 37. Rh5 h6 38. Kg2 Kf8 39. Kf3 Kg7 40. Re5 Rf6+ 41. Ke3 Ra6 42. h4 Ra3+ 43. Kf4 Ra4+ 44. Re4 Ra5 45. g4 Rb5 46. Re5 Rb4+ 47. Kg3 Ra4 48. h5 Rb4 49. f4 Rb3+ 50. Kf2 Rb2+ 51. Kf3 Rb3+ 52. Re3 Rb5 53. Re5 Rb3+ 54. Ke4 Rb4+ 55. Kf5 Rb1 56. g5 hxg5 57. fxg5 Rf1+ 58. Kg4 Rg1+ 59. Kf4 Rf1+ 60. Ke4 Re1+ 61. Kd5 1/2-1/2

[Event "Sparkassen-Open A"]
[Site "Heusenstamm, Martinsee"]
[Date "2023.11.24"]
[Round "6.17"]
[White "Özdemir, Ali Özden"]
[Black "Hirneise, Jens"]
[Result "0-1"]
[WhiteElo "2043"]
[BlackElo "2315"]
[PlyCount "68"]
[EventDate "2024.11.21"]
[WhiteTeam "SK Langen"]
[BlackTeam "SC Böblingen 1975 e.V."]

1. e4 e6 2. d3 c5 3. Nf3 Nc6 4. g3 g6 5. Bg5 Qc7 6. Bg2 Bg7 7. c3 Nge7 8. O-O e5 9. Na3 O-O 10. Qc1 d6 11. Bh6 Bg4 12. Bxg7 Kxg7 13. Nc4 Bxf3 14. Bxf3 b5 15. Ne3 Rab8 16. Bg2 f5 17. exf5 Nxf5 18. Nd5 Qd7 19. f4 Rbe8 20. Qd2 Nce7 21. Rae1 Nxd5 22. Bxd5 exf4 23. Rxf4 Re5 24. Be4 Rfe8 25. Ref1 Nh6 26. Qf2 Qe7 27. Bf3 g5 28. Re4 Rf8 29. Qg2 g4 30. Rxe5 Qxe5 31. Be4 Rxf1+ 32. Kxf1 d5 33. Bxd5 Nf5 34. Kg1 Qe1+ 0-1

[Event "Sparkassen-Open A"]
[Site "Heusenstamm, Martinsee"]
[Date "2023.11.24"]
[Round "6.18"]
[White "Browning, Alex"]
[Black "Villwock, Martin"]
[Result "1/2-1/2"]
[WhiteElo "2253"]
[BlackElo "2075"]
[PlyCount "111"]
[EventDate "2024.11.21"]
[WhiteTeam "SG Porz e. V."]
[BlackTeam "SF Essen-Katernberg 0"]

1. Nf3 g6 2. e4 Bg7 3. d4 d6 4. Nc3 a6 5. Be3 Nd7 6. Bc4 e6 7. a4 b6 8. h4 h6 9. Qe2 Bb7 10. d5 Bxc3+ 11. bxc3 e5 12. Nd2 a5 13. Bb5 Ngf6 14. f3 Kf8 15. Nf1 Kg7 16. Ng3 h5 17. Bg5 Nc5 18. Qd2 Bc8 19. O-O Bd7 20. Bxd7 Ncxd7 21. f4 Qe8 22. f5 Ng4 23. fxg6 fxg6 24. Rf3 Rf8 25. Raf1 Rxf3 26. gxf3 Ngf6 27. Rf2 Nh7 28. Rg2 Qf7 29. Bh6+ Kh8 30. f4 exf4 31. Bxf4 Re8 32. Rf2 Qe7 33. Qd4+ Ne5 34. Bxe5+ dxe5 35. Qd3 Qxh4 36. Rh2 Qg5 37. Rg2 Nf6 38. d6 cxd6 39. Nf1 Ng4 40. Qxd6 Rd8 41. Qxb6 Rd1 42. Qb8+ Kh7 43. Qf8 Qe3+ 44. Kh1 Qa7 45. Qf3 Qd7 46. c4 Re1 47. Re2 Rxe2 48. Qxe2 Qxa4 49. Ne3 Nxe3 50. Qxe3 Qd7 51. Kh2 a4 52. c5 a3 53. Qxa3 Qd2+ 54. Kh3 Qxc2 55. c6 Qxc6 56. Qe7+ 1/2-1/2

[Event "Sparkassen-Open A"]
[Site "Heusenstamm, Martinsee"]
[Date "2023.11.24"]
[Round "6.19"]
[White "Engel, Bruno"]
[Black "Bardorz, Jana"]
[Result "1-0"]
[WhiteElo "2242"]
[BlackElo "2083"]
[PlyCount "63"]
[EventDate "2024.11.21"]
[WhiteTeam "Lübecker SV von 1873"]
[BlackTeam "TSV 1869 e. V. Rottendorf"]

1. d4 Nf6 2. Bg5 g6 3. Bxf6 exf6 4. c4 Bg7 5. Nc3 O-O 6. e3 d6 7. g3 Nd7 8. Bg2 f5 9. Nge2 c6 10. O-O Nf6 11. b4 Re8 12. Qd3 Qc7 13. a4 a5 14. b5 c5 15. Nf4 cxd4 16. exd4 Be6 17. Nxe6 fxe6 18. b6 Qe7 19. Nb5 Rab8 20. Rfe1 e5 21. c5 dxc5 22. dxe5 Nd7 23. Nd6 Rf8 24. f4 Kh8 25. Rab1 Rbd8 26. Qc4 Nxe5 27. fxe5 Bxe5 28. Qd5 Rxd6 29. Qxe5+ Qxe5 30. Rxe5 Rff6 31. Re8+ Kg7 32. Re7+ 1-0

[Event "Sparkassen-Open A"]
[Site "Heusenstamm, Martinsee"]
[Date "2023.11.24"]
[Round "6.20"]
[White "Surányi, Pál"]
[Black "Lesny, Florian"]
[Result "0-1"]
[WhiteElo "2033"]
[BlackElo "2222"]
[PlyCount "74"]
[EventDate "2024.11.21"]
[WhiteTeam "SV 03/25 Koblenz"]
[BlackTeam "Schachfreunde Hünstetten"]

1. d4 d5 2. c4 e6 3. Nf3 Nf6 4. Nc3 a6 5. c5 b6 6. cxb6 c5 7. Bf4 Bd6 8. Bxd6 Qxd6 9. dxc5 Qxc5 10. Qd4 Qd6 11. e3 Nc6 12. Qh4 Rb8 13. Rc1 Rxb6 14. Na4 Rb8 15. Be2 O-O 16. O-O Bd7 17. Rfd1 Ne7 18. Nc3 Rxb2 19. e4 Ng6 20. Qg5 Qa3 21. e5 Ne4 22. Nxe4 dxe4 23. Nd4 Qa5 24. Nb3 Qxe5 25. Qxe5 Nxe5 26. Bxa6 Rxa2 27. Rd6 Ba4 28. Nc5 Bc6 29. Bc4 Nxc4 30. Rxc6 e3 31. fxe3 Nxe3 32. Nd7 Rd8 33. R6c3 Raa8 34. Rc7 h6 35. Ne5 Ra2 36. Rc8 Rxg2+ 37. Kh1 Rgd2 0-1

[Event "Sparkassen-Open A"]
[Site "Heusenstamm, Martinsee"]
[Date "2023.11.24"]
[Round "6.21"]
[White "Buchholz, Maja Patricia"]
[Black "Mostertman, Milan"]
[Result "0-1"]
[WhiteElo "1972"]
[BlackElo "2204"]
[PlyCount "106"]
[EventDate "2024.11.21"]
[WhiteTeam "Wiesbadener SV 1885"]
[BlackTeam "Groninger Combinatie"]

1. c4 c6 2. Nf3 d5 3. g3 Nf6 4. Bg2 dxc4 5. O-O Nbd7 6. Qc2 Nb6 7. a4 a5 8. Na3 Qd5 9. Nh4 Qd4 10. Rd1 Ng4 11. e3 Qf6 12. Nf3 Be6 13. d4 cxd3 14. Qxd3 Nd7 15. Qc2 Nge5 16. Nxe5 Qxe5 17. Nc4 Bxc4 18. Qxc4 e6 19. Bd2 Qc5 20. Qd3 Nf6 21. Rac1 Qd6 22. Qc4 Qc7 23. Bc3 Be7 24. Bd4 O-O 25. Qb3 Nd7 26. e4 Bb4 27. Bh3 Rad8 28. Qf3 Be7 29. Qb3 c5 30. Be3 b6 31. f4 Nb8 32. Rf1 Nc6 33. Qc4 e5 34. f5 Rd6 35. g4 Qd8 36. Qe2 Bg5 37. Rc3 Bxe3+ 38. Qxe3 Rd2 39. g5 Qd4 40. b3 f6 41. gxf6 gxf6 42. Kh1 Qxe3 43. Rxe3 Kh8 44. Rg1 Rg8 45. Rxg8+ Kxg8 46. Bf1 Kg7 47. Bc4 Kh6 48. Rh3+ Kg5 49. Rxh7 Nd4 50. Kg1 Kf4 51. Bd5 Nf3+ 52. Kf1 Ke3 53. h4 Rf2# 0-1

[Event "Sparkassen-Open A"]
[Site "Heusenstamm, Martinsee"]
[Date "2023.11.24"]
[Round "6.22"]
[White "Zargaran, Sepas"]
[Black "Hoppstädter, Daniel"]
[Result "1-0"]
[WhiteElo "1777"]
[BlackElo "2198"]
[PlyCount "82"]
[EventDate "2024.11.21"]
[WhiteTeam "VSG 1880 Offenbach"]
[BlackTeam "SC Turm Illingen"]

1. e4 c6 2. d4 d5 3. e5 Bf5 4. Nc3 e6 5. g4 Bg6 6. Nge2 c5 7. h4 h5 8. Nf4 Bh7 9. Nxh5 Nc6 10. dxc5 Qc7 11. Bf4 Bxc5 12. Nxg7+ Kf8 13. Nh5 Bg6 14. Ng3 Qb6 15. Qd2 Qxb2 16. Rb1 Qa3 17. Rb3 Qa5 18. h5 Nd4 19. Nce4 Nxb3 20. Qxa5 Nxa5 21. Nxc5 Bxc2 22. Bg5 Rc8 23. Nd7+ Ke8 24. Nf6+ Nxf6 25. Bxf6 Rg8 26. h6 Bh7 27. Bb5+ Kf8 28. f3 Rc1+ 29. Kf2 Rc2+ 30. Ne2 a6 31. Ba4 Rc4 32. Bd1 Rg6 33. g5 Nc6 34. Bb3 Rc5 35. f4 b5 36. f5 Rxf6 37. exf6 d4 38. fxe6 Rf5+ 39. Ke1 fxe6 40. Bc2 Rxg5 41. Bxh7 Kf7 1-0

[Event "Sparkassen-Open A"]
[Site "Heusenstamm, Martinsee"]
[Date "2023.11.24"]
[Round "6.23"]
[White "Petersen, Henrik"]
[Black "Böddeker, Henry"]
[Result "0-1"]
[WhiteElo "2194"]
[BlackElo "2059"]
[PlyCount "90"]
[EventDate "2024.11.21"]
[WhiteTeam "SV 03/25 Koblenz"]
[BlackTeam "SF Berlin 1903 e.V."]

1. Nf3 c5 2. c4 Nc6 3. d4 cxd4 4. Nxd4 d5 5. g3 dxc4 6. Nxc6 Qxd1+ 7. Kxd1 bxc6 8. Bg2 Bd7 9. Na3 Rd8 10. Kc2 Nf6 11. Be3 c3 12. bxc3 g6 13. Bxa7 Bg7 14. e4 c5 15. Bxc5 Ba4+ 16. Kc1 Ng4 17. Rb1 Bxc3 18. Rb7 O-O 19. Bxe7 Bd2+ 20. Kb2 Rb8 21. e5 Rxb7+ 22. Bxb7 Rb8 23. Nc4 Rxb7+ 24. Ka3 Bc6 25. Rd1 Rxe7 26. Rxd2 Nxe5 27. Nxe5 Rxe5 28. Kb4 Kg7 29. h4 h5 30. a3 Bf3 31. Rd3 Be2 32. Rd2 Bg4 33. Rd3 Re2 34. f3 Bf5 35. Rb3 Rg2 36. f4 Rd2 37. a4 Rd3 38. Rb2 Rxg3 39. a5 Rf3 40. a6 Rxf4+ 41. Ka5 Rxh4 42. a7 Rh1 43. Ra2 Be4 44. Kb6 Rb1+ 45. Kc5 Ba8 0-1

[Event "Sparkassen-Open A"]
[Site "Heusenstamm, Martinsee"]
[Date "2023.11.24"]
[Round "6.24"]
[White "Boeren, Jurriaan"]
[Black "Griesfeller, Sven"]
[Result "1/2-1/2"]
[WhiteElo "2159"]
[BlackElo "1818"]
[PlyCount "65"]
[EventDate "2024.11.21"]
[WhiteTeam "Kennemer Combinatie"]
[BlackTeam "Schachdrachen Büdingen-Wächtersb"]

1. e4 e5 2. Nf3 Nc6 3. Bb5 a6 4. Ba4 Nf6 5. O-O Nxe4 6. d4 exd4 7. Re1 d5 8. Nxd4 Bd6 9. Nxc6 Bxh2+ 10. Kh1 Qh4 11. Rxe4+ dxe4 12. Qd8+ Qxd8 13. Nxd8+ Kxd8 14. Kxh2 Be6 15. Nc3 c5 16. Bf4 b5 17. Rd1+ Ke8 18. Nxb5 axb5 19. Bxb5+ Ke7 20. Bd6+ Kf6 21. Bxc5 Rxa2 22. Bd4+ Kg6 23. Bc6 f5 24. Be5 Rc8 25. Rd6 Kf7 26. Bd4 Ra1 27. c3 Rd1 28. Bd7 Bxd7 29. Rxd7+ Ke6 30. Rxg7 Rb8 31. b4 Rxd4 32. cxd4 Rxb4 33. Rxh7 1/2-1/2

[Event "Sparkassen-Open A"]
[Site "Heusenstamm, Martinsee"]
[Date "2023.11.24"]
[Round "6.25"]
[White "Restorff, Felix"]
[Black "Lutterbach, Jakob"]
[Result "1/2-1/2"]
[WhiteElo "2151"]
[BlackElo "1914"]
[PlyCount "49"]
[EventDate "2024.11.21"]
[WhiteTeam "SV Blau-Weiß Concordia 07/24 Vie"]
[BlackTeam "SK Bingen"]

1. d4 Nf6 2. Bf4 d5 3. e3 c5 4. Nf3 Nc6 5. Nbd2 Bg4 6. Be2 e6 7. O-O Bd6 8. dxc5 Bxc5 9. a3 Bd6 10. Bxd6 Qxd6 11. c4 O-O 12. Rc1 Qe7 13. cxd5 Nxd5 14. h3 Bh5 15. Nd4 Nxd4 16. Bxh5 Nc6 17. Qb3 Rfd8 18. Ne4 Rac8 19. Be2 Rc7 20. Nc3 Nxc3 21. Qxc3 Rdc8 22. Qd2 Rd7 23. Qc3 Rdc7 24. Qd2 Rd7 25. Qc3 1/2-1/2